1805 1057 1973 1451 1759 1135 1046 1771 1416 1847 1810 1362 1742 1343 1455 1514 1062 1655 1673 1381 1241 1940 1108 1605 1772 1139 1284 1479 1049 1740 1114 1765 1825 1211 1525 1929 1107 1054 1579 1742 1111 1933 1382 1422 1234 1936 1416 1524 1119 1738 1327 1411 1535 1651 1125 1464 1273 1633 1809 1086 1217 1390 1722 1874 1650 1487 1278 1411 1364 1926 1454 1727 1788 1383 1415 1639 1491 1265 1944 1054 1750 1570 1440 1841 1042 1294 1156 1225 1381 1540 1076 1428 1207 1780 1832 1745 1376 1609 1295 BCNSPRNW ULIB Ver.6.0+V

เปลี่ยนเป็นภาษาไทย

Change to English
 แสดงรายละเอียดบรรณานุกรม
  กลับหน้าหลัก

Brief Record : Get Marc (ISO 2709) : E-mail record : QR code < ปิดหน้าต่าง
LEADER : 00000nas 2200000uu 4500
001    13399126184
003     ULIB
008    180711s2560||||th 000 0 tha d
022 0  ^a25868772
110 1  ^aวารสารโภชนาการ
245 00 ^aวารสารโภชนาการ/^cสมาคมโภชนาการแห่งประเทศไทย
260    ^aกรุงเทพฯ;^bสมาคมโภชนาการแห่งประเทศไทย,^c2560
310    ^aราย 6 เดือน
850 ^a ULIB^bปีที่ 52 ฉบับที่ 2 ฉ.1 ;ปีที่ 53 ฉบับที่ 1 ฉ.1
945    ^p0^l0^i904927
945    ^p0^l0^i905362
999    ^aประนอม เกษจรัล
รายการนี้ยังไม่มีแท็ก
คุณยังไม่ได้ล็อกอิน คุณสามารถมีกิจกรรมร่วมกับเว็บไซต์ได้ แต่ต้องล็อกอินก่อน ::
  ล็อกอิน

รายการสื่อสารสนเทศ (วารสาร)

ดูแบบ: กล่อง รายการ
ARRIVED
ปีที่ 52 ฉบับที่ 2 ฉ.1
สถานที่: ห้องสมุดวิทยาเขตสวรรค์ประชารักษ์ >วารสาร
ARRIVED
ปีที่ 53 ฉบับที่ 1 ฉ.1
สถานที่: ห้องสมุดวิทยาเขตสวรรค์ประชารักษ์ >วารสาร

BibComment


ยังไม่เคยถูกคอมเมนท์

คอมเมนท์ทรัพยากรรายการนี้
  คอมเมนท์: วารสารโภชนาการ ส..


 Copyright 2026. Bcnsprnw @Library